01060 2200313 4500001002100000005001500021035002000036007000300056008004100059082001500100084001700115100004100132245012000173300003700293650002300330700002900353710003000382264011900412336002100531337003000552338002300582040002200605090002200627090002100649850001200670999002200682990002200704990002000726INLIS00000000089222320250423021232 a0010-0125000123ta250107n yoia a ind d04223a028.55 a028.55 MAW t0 aMawaddatul Khusna RizqikaePengarang10aTukuder Kaliwungu :bramadan dan safari rasa /cMawaddatul Khusna Rizqika, Indra Fibiona; ilustrator, Ayunan Studio a36 halaman :bilustrasi ;c22 cm 4aBacaan kanak-kanak0 aIndra FibionaePengarang aAyunan StudioeIlustrator31aSleman :bKementerian Pendidikan, Kebudayaan, Riset, dan Teknologi Direktorat,ctahun terbit tidak teridentifikasi 2rdacontentateks 2rdamediaatanpa perantara 2rdacarrieravolume aYOPDYOGbinderda aCB-D.11 [s.a]-345 aNUS 028.55 MAW t aYOPDYOG aCB-D.11/[s.a]-345 aCB-D.11/[s.a]-345 a73348-PD/A.2025